00857 a2200169 4500003000500000005001700005040000900022082001400031100002800045245007900073260003000152300001200182505033900194942001200533999001900545952012300564Nust20230315095012.0 cNust a384.5,MAU aJ. O. Mauborgne9110291 aPractical uses of the Wave Meter in Wireless Telegraphy /cJ. O. Mauborgne aLondonbMcGraw-Hillc1913 a74pages aGeneral Remarks (Page-1), Types of Wave Meters in use in the U.S. Signal Corps (Page-11), Uses of Wave Meters (Page-20), Tuning the Sending Station (Page-22), Measurement of Damping and Logarithmic Decrement (Page-31), Measurement of Wave length of the receiving station (Page-48), Measurements of Capacity and Inductance (Page-59).  2ddccBK c193933d193933 00102ddc4070aMCSbMCScGENd2016-12-12o384.5,MAUpMCS29791r2016-12-08w2016-12-12yBKzAlmirah No.74, Shelf No.4